The properties of asphaltic bitumen, (Record no. 545140)

000 -LEADER
fixed length control field 00613cam a22001691 4500
082 ## - DEWEY DECIMAL CLASSIFICATION NUMBER
Classification number 620.196
Author Mark PFE
-- D.
100 1# - MAIN ENTRY--PERSONAL NAME
Personal name Pfeiffer, Johan Philip,
9 (RLIN) 40921
245 14 - TITLE STATEMENT
Title The properties of asphaltic bitumen,
Remainder of title with reference to its technical applications.
260 ## - PUBLICATION, DISTRIBUTION, ETC.
Place of publication, distribution, etc. New York,
Name of publisher, distributor, etc. Elsevier,
Date of publication, distribution, etc. 1950.
300 ## - PHYSICAL DESCRIPTION
Extent xvi, 285 p.
Other physical details illus., tables.
Dimensions 26 cm.
490 1# - SERIES STATEMENT
Series statement Elsevier's polymer series on the chemistry, physics and technology of high polymeric and allied substances,
526 ## - STUDY PROGRAM INFORMATION NOTE
Program name 0
Interest level 0
Reading level 0
Title point value 620_196000000000000_PFE
650 #0 - SUBJECT ADDED ENTRY--TOPICAL TERM
Topical term or geographic name entry element Asphalt.
9 (RLIN) 21214
650 #0 - SUBJECT ADDED ENTRY--TOPICAL TERM
Topical term or geographic name entry element Bitumen.
650 #0 - SUBJECT ADDED ENTRY--TOPICAL TERM
Topical term or geographic name entry element MCE
9 (RLIN) 379
942 ## - ADDED ENTRY ELEMENTS (KOHA)
Source of classification or shelving scheme
Koha item type Book
Holdings
Withdrawn status Lost status Source of classification or shelving scheme Damaged status Not for loan Permanent Location Current Location Date acquired Total Checkouts Full call number Barcode Date last seen Price effective from Koha item type
          Military College of Engineering (MCE) Military College of Engineering (MCE) 05/19/2014   620.196 PFE MCE-35315 05/19/2014 05/19/2014 Book
© 2023 Central Library, National University of Sciences and Technology. All Rights Reserved.